[Event "European Blitz 2017"]
[Site "Katowice POL"]
[Date "2017.12.15"]
[Round "5.35"]
[White "Kutynec, Vladimir"]
[Black "Jaracz, Pawel"]
[Result "1/2-1/2"]
[WhiteTitle "IM"]
[BlackTitle "GM"]
[WhiteElo "2270"]
[BlackElo "2465"]
[WhiteFideId "4119843"]
[BlackFideId "1102222"]
[EventDate "2017.12.15"]
[EventType "blitz"]

1. Nf3 c5 2. c4 Nc6 3. g3 g6 4. Bg2 Bg7 5. O-O d6 6. Nc3 e6 7. Rb1 Nge7 8. a3 b6
9. d3 Bb7 10. Bd2 Qd7 11. b4 O-O 12. Qc2 Rac8 13. b5 Nd8 14. a4 f5 15. a5 Nf7
16. axb6 axb6 17. Ra1 Ra8 18. Ra4 Rxa4 19. Nxa4 Nc8 20. Bc3 e5 21. Bd2 h6 22.
Nc3 Ne7 23. Ra1 Rb8 24. Ra7 Nc8 25. Ra3 g5 26. Ne1 Bxg2 27. Nxg2 Ne7 28. Ne3 f4
29. Ned5 Nxd5 30. Nxd5 h5 31. Qa2 h4 32. Kg2 hxg3 33. hxg3 fxg3 34. fxg3 Qg4 35.
e4 Qe2+ 36. Kg1 Kh7 37. Ne3 Nh6 38. Qc2 Rf8 39. Bc1 Qe1+ 40. Kg2 g4 41. Qd2
Qxd2+ 42. Bxd2 Bf6 43. Ra6 Bd8 44. Nd5 Rf3 45. Be3 Nf7 46. Ra8 Bg5 47. Ra7 Bxe3
48. Nxe3 Rxe3 49. Rxf7+ Kg6 50. Rb7 Rxd3 51. Rxb6 Rd2+ 52. Kf1 Rd4 53. Kf2 Kf6
54. Ke3 Ke6 55. Rb8 Rxc4 56. b6 Rc3+ 57. Kd2 Rb3 58. Kc2 Rb4 59. Kd3 Kd7 60. Rg8
Rxb6 61. Rxg4 Rb3+ 62. Kc4 Rb4+ 63. Kd3 Kc6 64. Rg8 Rb3+ 65. Kd2 Kb5 66. Rg6 Kc4
67. g4 Rd3+ 68. Ke2 Rg3 69. Rxd6 Rxg4 70. Kf3 Rf4+ 71. Ke3 Rh4 72. Rd5 Rh3+ 73.
Ke2 Kb4 74. Rxe5 c4 75. Re8 Kb3 76. Rb8+ Kc2 77. e5 Rh5 78. Re8 c3 79. Kf3 Kd1
80. Rd8+ Ke1 81. Rc8 Rh3+ 82. Kg4 Re3 83. Kf4 Kd2 84. Kf5 c2 85. Rxc2+ Kxc2 86.
e6 Kd3 87. Kf6 Kd4 88. e7 Kd5 89. Kf7 Rf3+ 90. Kg7 Rg3+ 91. Kf7 Rf3+ 92. Kg7 Re3
93. Kf8 Rxe7 94. Kxe7 Ke5 1/2-1/2

[Event "European Blitz 2017"]
[Site "Katowice POL"]
[Date "2017.12.15"]
[Round "5.36"]
[White "Konopka, Michal"]
[Black "Piorun, Kacper"]
[Result "1/2-1/2"]
[WhiteTitle "IM"]
[BlackTitle "GM"]
[WhiteElo "2381"]
[BlackElo "2651"]
[WhiteFideId "308633"]
[BlackFideId "1130420"]
[EventDate "2017.12.15"]
[EventType "blitz"]

1. Nf3 d5 2. d4 Nc6 3. Bg5 Bf5 4. e3 Qd7 5. a3 e6 6. c4 h6 7. Bh4 Bd6 8. Nc3 g5
9. Bg3 Bxg3 10. hxg3 Nf6 11. Nxg5 O-O-O 12. Nf3 dxc4 13. Bxc4 Nb8 1/2-1/2

[Event "European Blitz 2017"]
[Site "Katowice POL"]
[Date "2017.12.15"]
[Round "5.37"]
[White "Meskovs, Nikita"]
[Black "Rawicz, Karol"]
[Result "1-0"]
[WhiteTitle "GM"]
[BlackTitle "FM"]
[WhiteElo "2538"]
[BlackElo "2164"]
[WhiteFideId "11602740"]
[BlackFideId "1141791"]
[EventDate "2017.12.15"]
[EventType "blitz"]

1. d4 d5 2. Nf3 e6 3. c4 Nf6 4. g3 Be7 5. Bg2 O-O 6. O-O c6 7. Bf4 b6 8. Nc3 Ba6
9. cxd5 cxd5 10. Ne5 Nfd7 11. Rc1 Nxe5 12. Bxe5 Nd7 13. Bf4 Bb7 14. Nb5 Nf6 15.
Rc7 Ba6 16. Qa4 Bxb5 17. Qxb5 Bd6 18. Bxd6 Qxd6 19. Rfc1 a6 20. Qa4 Rfb8 21. a3
h6 22. e3 b5 23. Qa5 Qb6 24. Rc8+ 1-0

[Event "European Blitz 2017"]
[Site "Katowice POL"]
[Date "2017.12.15"]
[Round "5.38"]
[White "Lewicki, Miroslaw"]
[Black "Neiksans, Arturs"]
[Result "0-1"]
[WhiteTitle "CM"]
[BlackTitle "GM"]
[WhiteElo "2404"]
[BlackElo "2590"]
[WhiteFideId "1113380"]
[BlackFideId "11601388"]
[EventDate "2017.12.15"]
[EventType "blitz"]

1. e4 Nf6 2. e5 Nd5 3. d4 d6 4. exd6 exd6 5. Nf3 Be7 6. Bd3 Bg4 7. O-O c6 8. h3
Bh5 9. c4 Nf6 10. Nc3 O-O 11. Bf4 Nbd7 12. Be2 Re8 13. Qd2 Bf8 14. Rae1 Ne4 15.
Nxe4 Rxe4 16. Ng5 Rxe2 17. Rxe2 Bxe2 18. Qxe2 Nf6 19. Re1 d5 20. c5 Qa5 21. Be5
Re8 22. a3 h6 23. Nf3 Ne4 24. Qd3 Qd8 25. Bf4 Re6 26. Ne5 Qe8 27. b4 f6 28. Nf3
Nxc5 29. bxc5 Rxe1+ 30. Nxe1 Qxe1+ 31. Kh2 Qe4 32. Qg3 Qxd4 33. Bxh6 Qxc5 34.
Bf4 Qxa3 35. Qg4 Qe7 36. h4 Qf7 37. h5 Kh8 38. Qf5 a5 39. g4 a4 40. h6 g6 41.
Qd3 Kh7 42. Bc1 b5 43. Kg2 b4 44. f4 a3 45. f5 g5 46. Qa6 c5 47. Be3 d4 48. Bf2
a2 49. Qa4 b3 50. Qa3 c4 51. Qa6 c3 52. Bxd4 b2 53. Bxf6 a1=Q 0-1

[Event "European Blitz 2017"]
[Site "Katowice POL"]
[Date "2017.12.15"]
[Round "5.39"]
[White "Warakomski, Tomasz"]
[Black "Schwarz, Dusan"]
[Result "1-0"]
[WhiteTitle "GM"]
[WhiteElo "2537"]
[BlackElo "2295"]
[WhiteFideId "1124552"]
[BlackFideId "14903890"]
[EventDate "2017.12.15"]
[EventType "blitz"]

1. e4 e5 2. Nf3 Nc6 3. Bc4 Bc5 4. c3 Nf6 5. d3 a6 6. a4 O-O 7. O-O Ba7 8. Re1 d6
9. Nbd2 Be6 10. h3 Ne7 11. Bxe6 fxe6 12. d4 exd4 13. cxd4 Ng6 14. Nf1 e5 15. Ng3
Re8 16. Qb3+ Kf8 17. Be3 exd4 18. Bxd4 Bxd4 19. Nxd4 Qd7 20. Qxb7 Reb8 21. Qxc7
Rxb2 22. Qxd7 Nxd7 23. Ngf5 Nde5 24. Nxd6 Nd3 25. Re2 Rab8 26. Rd1 Ngf4 27. Rxb2
Nxb2 28. Rb1 Nfd3 29. Nc4 Rb4 30. Nxb2 Nxb2 31. Nc2 Rb8 32. Ne3 Rb6 33. Nd1 Nxa4
34. Ra1 Nc5 35. f3 Rd6 36. Kf1 Rd2 37. Nf2 Rb2 38. Ra5 Rb5 39. Ra3 a5 40. Nd1 a4
41. Nc3 Rb3 42. Rxb3 axb3 43. Ke2 b2 44. Kd2 Na4 45. Nb1 Ke7 46. Kc2 Ke6 47. f4
g5 48. g3 gxf4 49. gxf4 Nc5 50. Nd2 Na4 51. Kb3 Nc5+ 52. Kc2 Na4 53. Nc4 b1=R 1-0

[Event "European Blitz 2017"]
[Site "Katowice POL"]
[Date "2017.12.15"]
[Round "5.40"]
[White "Bednarek, Sylwester"]
[Black "Heberla, Bartlomiej"]
[Result "0-1"]
[WhiteTitle "FM"]
[BlackTitle "GM"]
[WhiteElo "2307"]
[BlackElo "2555"]
[WhiteFideId "1101811"]
[BlackFideId "1115120"]
[EventDate "2017.12.15"]
[EventType "blitz"]

1. d4 g6 2. Bg5 Bg7 3. c3 c5 4. dxc5 Na6 5. e4 Nxc5 6. Nd2 Nf6 7. f3 O-O 8. Nb3
Ne6 9. Be3 d5 10. e5 Nh5 11. Qd2 Bxe5 12. O-O-O Qc7 13. Qxd5 Bxc3 14. Qc4 Be5
15. Qxc7 Nxc7 16. g3 Be6 17. f4 Rac8 18. fxe5 Nd5+ 19. Kd2 Rc2+ 20. Kxc2 Nxe3+
21. Kd2 Nxd1 22. Kxd1 Bd5 23. Be2 Bxh1 24. Bxh5 gxh5 25. Kd2 Rd8+ 26. Ke3 Bd5
27. Nd4 Bxa2 28. Nge2 Kf8 29. Nf4 Bb1 30. e6 Ba2 31. Ke4 Rd6 32. exf7 Bxf7 33.
b4 Bg6+ 34. Ke5 Kf7 35. Nfe6 a6 36. Ng5+ Ke8 37. Nge6 Kd7 38. Nc5+ Kc7 39. Na4
Bf7 40. Nc5 a5 41. Nce6+ Bxe6 42. Nxe6+ Rxe6+ 43. Kd4 0-1

[Event "European Blitz 2017"]
[Site "Katowice POL"]
[Date "2017.12.15"]
[Round "5.41"]
[White "Zelbel, Patrick"]
[Black "Paszewski, Mateusz"]
[Result "1-0"]
[WhiteTitle "IM"]
[BlackTitle "FM"]
[WhiteElo "2456"]
[BlackElo "2307"]
[WhiteFideId "24624322"]
[BlackFideId "1141058"]
[EventDate "2017.12.15"]
[EventType "blitz"]

1. e4 c5 2. c3 Nf6 3. e5 Nd5 4. Bc4 Nb6 5. Bb3 Nc6 6. Nf3 d5 7. exd6 Qxd6 8. O-O
Bf5 9. d4 cxd4 10. Nxd4 Nxd4 11. cxd4 e6 12. Nc3 Be7 13. Qf3 O-O 14. Qxb7 Rfb8
15. Qf3 Qxd4 16. Bf4 Rd8 17. Rad1 Qb4 18. h3 Nc4 19. Bc1 Ne5 20. Qf4 Qxf4 21.
Bxf4 Nd3 22. Bc1 Nxc1 23. Rxc1 Rd2 24. Na4 h6 25. Rfd1 Rxd1+ 26. Rxd1 Rd8 27.
Rc1 Bf6 28. Kf1 Bg5 29. Rd1 Rxd1+ 30. Bxd1 Bf6 31. Ke2 Kf8 32. Bb3 Ke7 33. Bc4
Kd6 34. Bd3 Bxd3+ 35. Kxd3 Bh4 36. f3 f5 37. b4 Bf6 38. Nc5 Kd5 39. a4 Bd4 40.
Nxe6 Bf6 41. Nc5 Be7 42. Na6 g5 43. b5 Bd6 44. Kc3 h5 45. Nb4+ Ke5 46. Nd3+ Kd5
47. g4 fxg4 48. fxg4 hxg4 49. hxg4 Ke4 50. Kc4 Kf3 51. Kd5 Bh2 52. Ne5+ Bxe5 53.
Kxe5 Kxg4 54. a5 Kh3 55. b6 axb6 56. axb6 g4 57. b7 g3 58. b8=Q 1-0

[Event "European Blitz 2017"]
[Site "Katowice POL"]
[Date "2017.12.15"]
[Round "5.42"]
[White "Cherepov, Alexej"]
[Black "Dziuba, Marcin"]
[Result "0-1"]
[BlackTitle "GM"]
[WhiteElo "2156"]
[BlackElo "2584"]
[WhiteFideId "13503650"]
[BlackFideId "1112953"]
[EventDate "2017.12.15"]
[EventType "blitz"]

1. d4 d5 2. c4 e6 3. Nf3 Nf6 4. g3 Bb4+ 5. Bd2 Bd6 6. Bg2 O-O 7. O-O Nbd7 8. Nc3
dxc4 9. Bg5 Rb8 10. a4 a6 11. e4 e5 12. dxe5 Nxe5 13. Nd5 Bg4 14. Bxf6 gxf6 15.
h3 Bxf3 16. Bxf3 c6 17. Ne3 Bc5 18. Qe2 Qd3 19. a5 Bxe3 20. fxe3 Rbd8 21. Qf2
Qd6 22. Kh2 Qd2 23. Qxd2 Rxd2+ 24. Kg1 Rxb2 25. Bg2 Rd8 0-1

[Event "European Blitz 2017"]
[Site "Katowice POL"]
[Date "2017.12.15"]
[Round "5.43"]
[White "Masternak, Grzegorz"]
[Black "Gajewski, Grzegorz"]
[Result "0-1"]
[WhiteTitle "IM"]
[BlackTitle "GM"]
[WhiteElo "2330"]
[BlackElo "2601"]
[WhiteFideId "1100505"]
[BlackFideId "1116207"]
[EventDate "2017.12.15"]
[EventType "blitz"]

1. e4 c5 2. Nc3 a6 3. g3 b5 4. Bg2 Bb7 5. f4 e6 6. Nh3 Nf6 7. d3 d5 8. e5 Nfd7
9. O-O g6 10. Ne2 Nc6 11. c3 b4 12. a3 Qb6 13. axb4 cxb4+ 14. d4 a5 15. Be3 Ba6
16. Rf2 Be7 17. f5 gxf5 18. Bg5 h6 19. Bxe7 Kxe7 20. Nhf4 Qb5 21. Bf1 Qb7 22.
Bg2 Nb6 23. Nh5 Nc4 24. Qc1 bxc3 25. bxc3 Qb2 26. Nf6 Qxc1+ 27. Nxc1 Rhb8 28.
Nd3 a4 29. Rxa4 Nb6 30. Rxa6 Rxa6 31. Nc5 Ra1+ 32. Rf1 Rxf1+ 33. Bxf1 Ra8 34.
Bb5 Ra1+ 35. Kg2 Na7 36. Ba6 Na4 37. Nxa4 Rxa4 0-1

[Event "European Blitz 2017"]
[Site "Katowice POL"]
[Date "2017.12.15"]
[Round "5.44"]
[White "Gazik, Igor"]
[Black "Rausis, Igors"]
[Result "0-1"]
[WhiteTitle "IM"]
[BlackTitle "GM"]
[WhiteElo "2257"]
[BlackElo "2632"]
[WhiteFideId "14900149"]
[BlackFideId "11600098"]
[EventDate "2017.12.15"]
[EventType "blitz"]

1. e4 c6 2. d4 d5 3. exd5 cxd5 4. Bd3 Nc6 5. c3 Qc7 6. h3 g6 7. Nf3 Bf5 8. Bxf5
gxf5 9. O-O Nf6 10. Qd3 e6 11. Re1 Ne4 12. Ng5 Be7 13. Nxe4 fxe4 14. Qe2 O-O-O
15. b4 Bd6 16. a4 Rhg8 17. Na3 Kb8 18. Nb5 Qd7 19. a5 Rg6 20. Nxd6 Qxd6 21. Kh1
Rdg8 22. g3 Ka8 23. b5 Ne7 24. Bf4 Qd7 25. Reb1 e5 26. Bxe5 Qxh3+ 27. Kg1 Nf5
28. Qf1 Qh5 29. Qg2 Nh4 30. Qh3 Nf3+ 31. Kg2 Qxh3+ 32. Kxh3 Rh6+ 33. Kg2 Rh2+
34. Kf1 e3 35. fxe3 Nxe5 36. dxe5 Rxg3 37. Ra4 Rxe3 38. Rf4 Rxe5 39. Rxf7 Re8
40. Kg1 Ra2 41. Rbf1 Rxa5 42. Rf8 Rb8 43. R8f5 Rxb5 44. c4 Rg8+ 45. Kh2 Rb2+ 46.
Kh3 a5 47. Rxd5 b6 48. Rd7 Rb3+ 49. Kh4 Rb2 50. Kh3 Rb3+ 51. Kh4 Rb4 52. Rff7
Rxc4+ 53. Kh5 Rc1 54. Ra7+ Kb8 55. Rfb7+ Kc8 56. Rg7 Rh1+ 57. Kg5 Rxg7+ 58. Rxg7
Rg1+ 0-1

[Event "European Blitz 2017"]
[Site "Katowice POL"]
[Date "2017.12.15"]
[Round "5.45"]
[White "Zelcic, Robert"]
[Black "Medarde Santiago, Luis Marcos"]
[Result "1-0"]
[WhiteTitle "GM"]
[BlackTitle "FM"]
[WhiteElo "2501"]
[BlackElo "2350"]
[WhiteFideId "14500310"]
[BlackFideId "2263076"]
[EventDate "2017.12.15"]
[EventType "blitz"]

1. e4 c5 2. Nf3 g6 3. d4 cxd4 4. Nxd4 Nc6 5. Nc3 Bg7 6. Nb3 Nf6 7. Be2 O-O 8.
O-O d6 9. Bg5 Be6 10. Kh1 Rc8 11. f4 d5 12. Bxf6 Bxf6 13. exd5 Bxc3 14. dxc6
Bxb2 15. cxb7 Rc7 16. Rb1 Ba3 17. Qxd8 Rxd8 18. Bf3 Bd6 19. Na5 Rxc2 20. Rfd1
Rb8 21. Nc6 Rxc6 1-0

[Event "European Blitz 2017"]
[Site "Katowice POL"]
[Date "2017.12.15"]
[Round "5.46"]
[White "Narva, Mai"]
[Black "Kislinsky, Alexey"]
[Result "1-0"]
[WhiteTitle "WIM"]
[BlackTitle "GM"]
[WhiteElo "2211"]
[BlackElo "2513"]
[WhiteFideId "4500512"]
[BlackFideId "14108801"]
[EventDate "2017.12.15"]
[EventType "blitz"]

1. e4 c5 2. Nf3 g6 3. d4 Bg7 4. Nc3 cxd4 5. Nxd4 Nc6 6. Be3 Nf6 7. Bc4 d6 8. f3
Nd7 9. O-O O-O 10. Bf2 Nb6 11. Bb3 Bd7 12. Qd2 Rc8 13. Nce2 Ne5 14. c3 Nec4 15.
Qc2 e5 16. Bxc4 Nxc4 17. Nb3 a6 18. Rad1 Qe7 19. Nd2 b5 20. Nxc4 Rxc4 21. Qd2
Rc6 22. Ng3 Be6 23. b3 Rfc8 24. Rc1 h5 25. Rfd1 Kh7 26. Nf1 Qc7 27. Qd3 Bf8 28.
Be1 Bh6 29. Rc2 Qb6+ 30. Bf2 Qa5 31. Be1 Qb6+ 32. Bf2 Qb7 33. Ne3 a5 34. Nd5 Kg7
35. h3 a4 36. Be3 Bxe3+ 37. Qxe3 axb3 38. axb3 Rc5 39. Nb4 Qb6 40. Nd5 Qd8 41.
b4 R5c6 42. Ra1 Bxd5 43. exd5 Rc4 44. Qd3 Qb6+ 45. Kh2 h4 46. Ra5 Qb7 47. Ra3
Qc7 48. Rb3 Ra8 49. Qe3 Ra1 50. Rc1 Ra2 51. Rd1 Qa7 52. Qxa7 Rxa7 53. Rd2 Ra1
54. Rc2 Rd1 55. Ra2 Rxd5 56. Ra5 1-0

[Event "European Blitz 2017"]
[Site "Katowice POL"]
[Date "2017.12.15"]
[Round "5.47"]
[White "Fedorchuk, Sergey A."]
[Black "Mazurkiewicz, Michal"]
[Result "1-0"]
[WhiteTitle "GM"]
[WhiteElo "2648"]
[BlackElo "2215"]
[WhiteFideId "14102536"]
[BlackFideId "1124943"]
[EventDate "2017.12.15"]
[EventType "blitz"]

1. e4 d6 2. d4 Nf6 3. Nc3 c6 4. h3 e5 5. Nf3 Nbd7 6. Bc4 Be7 7. a4 O-O 8. O-O b6
9. Re1 Bb7 10. Nh4 Re8 11. Nf5 exd4 12. Qxd4 Ne5 13. Ba2 Bf8 14. Bf4 Qc7 15.
Rad1 Rad8 16. Bg5 Be7 17. Qd2 Bc8 18. Nxe7+ Qxe7 19. Qf4 Ng6 20. Qf3 Ne5 21. Qg3
Ng6 22. Qf3 Ne5 23. Qe2 h6 24. Bh4 Qe6 25. f4 Ng6 26. f5 1-0

[Event "European Blitz 2017"]
[Site "Katowice POL"]
[Date "2017.12.15"]
[Round "5.48"]
[White "Kowalczyk, Mariusz"]
[Black "Stupak, Kirill"]
[Result "0-1"]
[BlackTitle "GM"]
[WhiteElo "2038"]
[BlackElo "2588"]
[WhiteFideId "1126202"]
[BlackFideId "13503758"]
[EventDate "2017.12.15"]
[EventType "blitz"]

1. e4 e6 2. d3 c5 3. Nd2 g6 4. Ngf3 Bg7 5. c3 Nc6 6. g3 b6 7. Bg2 Ba6 8. Qc2
Nge7 9. O-O O-O 10. Rd1 d5 11. Nf1 Qc7 12. Ne3 Rad8 13. d4 cxd4 14. cxd4 dxe4
15. Qxe4 Be2 16. Re1 Bxf3 17. Qxf3 Nxd4 18. Qe4 Nef5 19. Rb1 Rd7 20. b3 Rfd8 21.
Bb2 Nxe3 22. Rxe3 Nf5 23. Ree1 Bxb2 24. Rxb2 Rd4 25. Qb1 Qc3 26. Rbe2 Rd2 27.
Qe4 Rxe2 28. Rxe2 Rd1+ 29. Bf1 Qc1 30. Qa8+ Kg7 31. Qg2 h5 32. h3 Nd4 33. Re3
Qa1 34. f4 Nf5 35. Rf3 Qd4+ 36. Kh2 Ne3 37. Qg1 Nxf1+ 38. Rxf1 Rd2+ 39. Kh1 Qe4+ 0-1

[Event "European Blitz 2017"]
[Site "Katowice POL"]
[Date "2017.12.15"]
[Round "5.49"]
[White "Shubin, Kirill"]
[Black "Schneider, Ilja"]
[Result "1-0"]
[WhiteTitle "FM"]
[BlackTitle "IM"]
[WhiteElo "2287"]
[BlackElo "2517"]
[WhiteFideId "34119962"]
[BlackFideId "4663306"]
[EventDate "2017.12.15"]
[EventType "blitz"]

1. e4 e5 2. Nf3 d6 3. d4 exd4 4. Nxd4 Nf6 5. Nc3 Be7 6. Bc4 O-O 7. O-O Re8 8.
Re1 Bf8 9. Bb3 Nbd7 10. Bg5 c6 11. Qd2 h6 12. Bh4 Ne5 13. Rad1 Ng6 14. Bg3 Nh5
15. Nf5 Nxg3 16. Nxg3 Qg5 17. Qxg5 hxg5 18. Nf5 Bxf5 19. exf5 Rxe1+ 20. Rxe1 Nh4
21. Ne4 Nxf5 22. Nxg5 d5 23. c3 Be7 24. Nf3 Bc5 25. Bc2 Nd6 26. Bd3 a5 27. g3
Kf8 28. Ne5 Rd8 29. Kg2 a4 30. h4 g6 31. h5 gxh5 32. Rh1 f6 33. Ng6+ Kg7 34.
Rxh5 Nc4 35. Nf4 Re8 36. Bxc4 a3 37. bxa3 Bxa3 38. Bd3 Bb2 39. Rh7+ Kg8 40. Rxb7
Bxc3 41. Bf5 1-0

[Event "European Blitz 2017"]
[Site "Katowice POL"]
[Date "2017.12.15"]
[Round "5.50"]
[White "Fedorov, Alexei"]
[Black "Szadkowski, Kamil"]
[Result "1-0"]
[WhiteTitle "GM"]
[WhiteElo "2573"]
[BlackElo "2291"]
[WhiteFideId "13500465"]
[BlackFideId "1123203"]
[EventDate "2017.12.15"]
[EventType "blitz"]

1. e4 e5 2. Nf3 Nc6 3. Bc4 Bc5 4. O-O Nf6 5. d3 d6 6. c3 a6 7. Bb3 Ba7 8. Nbd2
O-O 9. h3 Ne7 10. Re1 Ng6 11. Nf1 d5 12. exd5 Nxd5 13. Nxe5 Nxe5 14. Rxe5 Qf6
15. d4 Nf4 16. Bxf4 Qxf4 17. Qd2 Qf6 18. Rae1 Bd7 19. Ng3 Rfe8 20. Nh5 Qg6 21.
Nf4 Qh6 22. Re7 Rxe7 23. Rxe7 Be6 24. Bxe6 fxe6 25. Qe3 c5 26. d5 exd5 27. Re8+ 1-0

[Event "European Blitz 2017"]
[Site "Katowice POL"]
[Date "2017.12.15"]
[Round "5.51"]
[White "Ladva, Ottomar"]
[Black "Slabek, Grzegorz"]
[Result "1-0"]
[WhiteTitle "GM"]
[WhiteElo "2522"]
[BlackElo "1956"]
[WhiteFideId "4500024"]
[BlackFideId "1105531"]
[EventDate "2017.12.15"]
[EventType "blitz"]

1. Nf3 Nf6 2. d4 d5 3. Bf4 g6 4. Nc3 Bg7 5. Nb5 Na6 6. e3 c6 7. Nc3 Nc7 8. h3
O-O 9. Bd3 Bf5 10. Bxf5 gxf5 11. g4 fxg4 12. hxg4 Ne6 13. Be5 Nxg4 14. Bxg7 Nxg7
15. Ng5 h5 16. Rxh5 Nxh5 17. Qxg4 Nf6 18. Qg2 Kh8 19. Ke2 1-0

[Event "European Blitz 2017"]
[Site "Katowice POL"]
[Date "2017.12.15"]
[Round "5.52"]
[White "Orndahl, Markus"]
[Black "Feuerstack, Aljoscha"]
[Result "1/2-1/2"]
[BlackTitle "IM"]
[WhiteElo "2182"]
[BlackElo "2438"]
[WhiteFideId "1709135"]
[BlackFideId "4681932"]
[EventDate "2017.12.15"]
[EventType "blitz"]

1. e4 c5 2. Nf3 e6 3. b3 b6 4. Bb2 Bb7 5. d4 Bxe4 6. Nc3 Bc6 7. d5 exd5 8. Nxd5
Bxd5 9. Qxd5 Nc6 10. O-O-O Nge7 11. Qd6 Nf5 12. Re1+ Be7 13. Qd5 Nfd4 14. Nxd4
cxd4 15. Bb5 O-O 16. Bxc6 Bg5+ 17. Kb1 dxc6 18. Qxd4 Qxd4 19. Bxd4 Rad8 20. Bc3
Bd2 21. Bxd2 Rxd2 22. Rhf1 Rfd8 23. Re7 R2d7 24. Rfe1 Kf8 25. Rxd7 Rxd7 1/2-1/2

[Event "European Blitz 2017"]
[Site "Katowice POL"]
[Date "2017.12.15"]
[Round "5.53"]
[White "Terletsky, Oleg"]
[Black "Jussupow, Artur"]
[Result "1/2-1/2"]
[WhiteTitle "FM"]
[BlackTitle "GM"]
[WhiteElo "2384"]
[BlackElo "2582"]
[WhiteFideId "14116774"]
[BlackFideId "4618777"]
[EventDate "2017.12.15"]
[EventType "blitz"]

1. e4 e6 2. d4 d5 3. Nd2 c5 4. Ngf3 a6 5. exd5 exd5 6. Be2 Nf6 7. O-O Bd6 8.
dxc5 Bxc5 9. Nb3 Ba7 10. Nfd4 O-O 11. h3 Nc6 12. c3 Re8 13. Bf4 Ne5 14. Re1 Ng6
15. Bh2 Ne4 16. Bd3 Bd7 17. Nd2 Qh4 18. Nxe4 dxe4 19. Bg3 Qg5 20. Rxe4 h5 21.
Qf3 h4 22. Bh2 Red8 23. Rae1 Rac8 24. Bb1 b5 25. a3 Bc5 26. Ba2 Rf8 27. Qd3 Rcd8
28. Qf3 Bc8 29. R4e2 Bxd4 30. cxd4 Rxd4 31. Re8 Qf5 32. Rxf8+ Kxf8 33. Qe3 Rd8
34. Bc7 Qd7 35. Bxd8 Qxd8 36. Qe4 Bd7 37. Qd4 Qc7 38. Rd1 Be8 39. Qd6+ Qxd6 40.
Rxd6 a5 41. Rb6 Ne5 42. Rb8 Ke7 43. Ra8 a4 44. Bd5 Nd3 45. Rxe8+ Kxe8 46. Bc6+
Ke7 47. Bxb5 Nxb2 48. Kf1 Nd1 49. Bxa4 Nc3 50. Bb3 f6 51. Ke1 Kd6 52. Kd2 Nb1+
53. Ke3 Nxa3 54. Kf4 g5+ 55. Kf5 Ke7 56. f4 Nb5 57. fxg5 Nd4+ 58. Kg6 Nxb3 59.
gxf6+ Kf8 60. Kg5 Kf7 61. Kxh4 Kxf6 1/2-1/2

[Event "European Blitz 2017"]
[Site "Katowice POL"]
[Date "2017.12.15"]
[Round "5.55"]
[White "Gumula, Daniel"]
[Black "Arnaudov, G. Petar"]
[Result "0-1"]
[WhiteTitle "FM"]
[BlackTitle "GM"]
[WhiteElo "2218"]
[BlackElo "2439"]
[WhiteFideId "1123122"]
[BlackFideId "2907127"]
[EventDate "2017.12.15"]
[EventType "blitz"]

1. d4 Nf6 2. Nc3 d5 3. Bf4 a6 4. e3 e6 5. Nf3 c5 6. Be2 Nc6 7. O-O cxd4 8. exd4
Be7 9. a3 O-O 10. Bd3 b5 11. Ne2 b4 12. Ng3 bxa3 13. bxa3 a5 14. Qe2 Qb6 15.
Rfb1 Qa7 16. c3 Ba6 17. Bxa6 Qxa6 18. Qxa6 Rxa6 19. Rb7 Rc8 20. a4 Kf8 21. Rab1
h6 22. Kf1 Ne8 23. Ke2 Bd6 24. Bxd6+ Nxd6 25. R7b6 Rxb6 26. Rxb6 Nc4 27. Rb7 Nd6
28. Rb6 Rc7 29. Nd2 Ke7 30. Kd3 f6 31. Ne2 e5 32. f3 g5 33. Nb3 Nc4 34. Rb5 Kd6
35. Nc5 exd4 36. cxd4 Re7 37. Nc3 Re3+ 38. Kc2 Nxd4+ 39. Kd1 Nxb5 0-1

[Event "European Blitz 2017"]
[Site "Katowice POL"]
[Date "2017.12.15"]
[Round "5.56"]
[White "Kazakovskiy, Valeriy"]
[Black "Semjonovs, Ilja"]
[Result "1-0"]
[WhiteTitle "IM"]
[WhiteElo "2422"]
[BlackElo "2233"]
[WhiteFideId "13507443"]
[BlackFideId "11604263"]
[EventDate "2017.12.15"]
[EventType "blitz"]

1. d4 Nf6 2. Nf3 c5 3. d5 e6 4. c4 b5 5. dxe6 fxe6 6. cxb5 d5 7. Nc3 Bb7 8. e3
Nbd7 9. Bd3 Be7 10. Qe2 O-O 11. O-O Rc8 12. b3 Kh8 13. e4 d4 14. Nb1 Ng4 15. Na3
Nge5 16. Nxe5 Nxe5 17. Nc4 Nxc4 18. bxc4 e5 19. a4 Bg5 20. a5 Bxc1 21. Rfxc1 Qf6
22. Rcb1 Rc7 23. b6 axb6 24. Rxb6 Qf4 25. a6 Ba8 26. a7 Qf7 27. Rb8 Rg8 28. Qb2
Rxa7 29. Rxg8+ Kxg8 30. Qb8+ 1-0

[Event "European Blitz 2017"]
[Site "Katowice POL"]
[Date "2017.12.15"]
[Round "5.57"]
[White "Dorokhin, Mykhailo"]
[Black "Skliarov, Viktor"]
[Result "0-1"]
[BlackTitle "IM"]
[WhiteElo "2243"]
[BlackElo "2353"]
[WhiteFideId "14114178"]
[BlackFideId "14106736"]
[EventDate "2017.12.15"]
[EventType "blitz"]

1. e4 c5 2. d3 g6 3. Be3 d6 4. Be2 Bg7 5. c3 Nc6 6. Qd2 b5 7. h4 b4 8. cxb4 cxb4
9. h5 Rb8 10. h6 Bd4 11. Nf3 Bxe3 12. Qxe3 Nf6 13. d4 Bg4 14. Nbd2 O-O 15. d5
Bxf3 16. Nxf3 Ne5 17. Nd4 Qb6 18. O-O Rbc8 19. Rfc1 Neg4 20. Bxg4 Nxg4 21. Qh3
Rxc1+ 22. Rxc1 Nxf2 23. Kxf2 Qxd4+ 24. Kf1 Qxe4 25. Rc8 Qb1+ 26. Kf2 Qxb2+ 27.
Kg1 e6 28. Rxf8+ Kxf8 29. dxe6 Qc1+ 30. Kh2 Qf4+ 31. Kh1 Qf1+ 32. Kh2 Qf4+ 33.
Kh1 fxe6 34. Qxe6 Qxh6+ 35. Kg1 Qc1+ 36. Kh2 Qf4+ 37. Kg1 Qe5 38. Qd7 Qe7 39.
Qb5 Kg7 40. Qxb4 Qe3+ 41. Kh1 Qc5 42. Qb3 h5 43. Qf3 d5 44. Qe2 d4 45. Qe4 a5
46. a4 Qd6 47. Qd3 Kf6 48. Kg1 g5 49. g3 h4 50. gxh4 gxh4 51. Kf1 Qf4+ 52. Ke2
Qe3+ 53. Qxe3 dxe3 54. Kxe3 Ke5 0-1

[Event "European Blitz 2017"]
[Site "Katowice POL"]
[Date "2017.12.15"]
[Round "5.58"]
[White "Masternak, Aleksander"]
[Black "Stocek, Jiri"]
[Result "0-1"]
[BlackTitle "GM"]
[WhiteElo "2193"]
[BlackElo "2566"]
[WhiteFideId "1103350"]
[BlackFideId "304760"]
[EventDate "2017.12.15"]
[EventType "blitz"]

1. Nf3 d5 2. d4 Bf5 3. c4 e6 4. Nc3 Nc6 5. a3 dxc4 6. e3 Bd6 7. Bxc4 Nf6 8. O-O
O-O 9. Qe2 e5 10. d5 Ne7 11. e4 Bg6 12. Bg5 Nd7 13. Nh4 Qe8 14. Bxe7 Qxe7 15.
Nxg6 hxg6 16. Nb5 a6 17. Nxd6 cxd6 18. Rac1 Rfc8 19. b4 Qg5 20. Qb2 Rc7 21. Bd3
Rac8 22. Rxc7 Rxc7 23. g3 Nb6 24. Kg2 Na4 25. Qb1 Rc3 26. h4 Qd2 27. Rd1 Qb2 28.
Bf1 0-1